Kluby Piłkarskie w województwie Podkarpackim - Statystyki

Ogólne statystyki
  • Ten quiz został rozwiązany 87 razy
    58 od ostatniego zresetowania
  • Średni wynik to 13 z 26
Statystyki odpowiedzi
Liga
Klub Piłkarski
% Poprawnych
1 Liga Stal Rzeszów
95%
2 Liga Resovia Rzeszów
91%
Ekstraklasa Stal Mielec
89%
4 Liga Stal II Mielec
89%
1 Liga Stal Stalowa Wola
86%
4 Liga Karpaty Krosno
80%
3 Liga IV Grupa Wisłoka Dębica
68%
4 Liga Czarni 1910 Jasło
66%
4 Liga JKS Jarosław
61%
3 Liga IV Grupa Siarka Tarnobrzeg
57%
4 Liga Stal Sanok
57%
4 Liga Igloopol Dębica
55%
4 Liga Sokół Kolbuszowa
48%
4 Liga Izolator Boguchwała
41%
4 Liga Stal Łańcut
41%
4 Liga MKS Sokół Sieniawa
34%
3 Liga IV Grupa Pogoń-Sokół Lubaczów
32%
4 Liga Cosmos Nowotaniec
30%
3 Liga IV Grupa KS Wiązownica
30%
4 Liga Orzeł Przeworsk
30%
4 Liga Sokół Nisko
30%
4 Liga Głogovia Głogów Małopolski
23%
4 Liga KS Legion Pilzno
23%
4 Liga Wisłok Wiśniowa
23%
4 Liga KS Sokół Kamień
16%
4 Liga MKS Strug Tyczyn
14%
Nie znaleziono quizów pasujących do podanych kryteriów
Rozkład punktacji
Procent ludzi z każdym wynikiem
Percentyl według liczby udzielonych odpowiedzi
Twoja historia wyników
Nie rozwiązałeś tego quizu od ostatniego zresetowania